00486nam a2200193 a 4500001001300000003000900013005001700022008004100039020001000080082001300090100001400103245003500117260004800152300000900200500003500209505001800244650001600262700001400278nice12345678IN_TiNIC20260116011429.0050524s1904 laha grp 000 0 urd  ac10000a239bDAL aDale, R W aZinda Masih Aur Anajil-E-Arba` aLahorebPunjab Religious Booksociety c1904 a232p aincludes index and biblioraphy2 aIndex Nominvm aApologetics1 aDale, R W